Information technology for construction managers, architects and engineers /

Bibliographic Details
Main Author: Williams, Trefor
Format: Book
Language:English
Published: Clifton Park, N.Y. : Thomson Delmar Learning, c2007.
Subjects:
Online Access:Table of contents only

MARC

Tag First Indicator Second Indicator Subfields
LEADER 00000cam a22000004a 4500
001 in00002207340
005 20200701133124.0
008 060619s2007 nyua b 001 0 eng
010 |a  2006020367 
035 |a (OCoLC)ocm70219819 
040 |a DLC  |c DLC 
020 |a 1418039586 
042 |a pcc 
050 0 0 |a TH215  |b .W55 2007 
082 0 0 |a 690.0285  |2 22 
049 |a TXAM 
100 1 |a Williams, Trefor. 
245 1 0 |a Information technology for construction managers, architects and engineers /  |c Trefor Williams. 
260 |a Clifton Park, N.Y. :  |b Thomson Delmar Learning,  |c c2007. 
300 |a xvii, 238 p. :  |b ill. ;  |c 24 cm. 
336 |a text  |b txt  |2 rdacontent 
337 |a unmediated  |b n  |2 rdamedia 
338 |a volume  |b nc  |2 rdacarrier 
504 |a Includes bibliographical references and index. 
650 0 |a Building  |x Data processing. 
650 0 |a Construction industry  |x Data processing. 
650 0 |a Architecture  |x Data processing. 
650 0 |a Information technology. 
856 4 1 |3 Table of contents only  |u http://www.loc.gov/catdir/toc/ecip0616/2006020367.html  |t 0 
945 |a PromptCat  |b 30410 
946 |a stk 
947 |a A14835485656 
994 |a 92  |b TXA 
948 |a cataloged  |b h  |c 2007/1/5  |d c  |e bhartsfi  |f 10:09:39 am 
999 f f |s 3bb4c702-21c9-380a-87c6-53a51757f709  |i f7ee8bd3-004b-30fb-bb20-11a5ba5796e8  |t 0 
952 f f |p normal  |a Texas A&M University  |b College Station  |c Sterling C. Evans Library  |d Evans: Library Stacks  |t 0  |e TH215 .W55 2007  |h Library of Congress classification  |i unmediated -- volume  |m A14843208316 
998 f f |a TH215 .W55 2007  |t 0  |l Evans: Library Stacks